000 00651nam a2200217Ia 4500
003 OSt
005 20221007075311.0
006 a|||||r|||| 00| 0
007 ta
008 221006b |||||||| |||| 00| 0 eng d
024 _a15,806
037 _cReports / Technical Reports
040 _aFLL
_cFLL
_beng
041 _2eng
_aeng
082 _aX72p2.N85, M5
245 0 _aInternational conference on tax frame for accelerated investment domestic and foreign
260 _aNew Delhi
_bFederation house India
_c1985
300 _a345p
_ccm.
942 _hX72p2.N85, M5
_cREP
_2CC
999 _c1155540
_d1155540